00897 2200325 4500001002100000005001500021035002000036007000300056040001700059100002900076245005100105250001000156300004100166020002200207041000800229082001000237084001600247090002000263264003700283336002100320337003000341338002300371650001400394850001000408008004100418700004300459504002500502990002200527990002200549INLIS00000000000809520260529082218 a0010-0922000584ta aSBPUPADbind0 aHusna WidyaniePengarang1 aKamera DSLR Itu Gampang, Kok! /cHusna Widyani aCet.3 avi, 154 hlm :bilus. ;c17x24 cmeCD a978-602-1142-20-207aind a771.3 a771.3 HUS k a721 GAT p L22-7 aYogyakarta :bShira Media,c2016 2rdacontentateks 2rdamediaatanpa perantara 2rdacarrieravolume 4aFotografi aPUPAD260529 0 0 aPengarang ke-2, Jane MarshaePengarang aBibliografi, hlm 154 a24.595/H/DPK/2021 a24.549/H/DPK/2017